CMOS Analog Circuit Design (Record no. 333735)

MARC details
000 -LEADER
fixed length control field 00479nam a2200181Ia 4500
008 - FIXED-LENGTH DATA ELEMENTS--GENERAL INFORMATION
fixed length control field 230718s9999 xx 000 0 und d
020 ## - INTERNATIONAL STANDARD BOOK NUMBER
International Standard Book Number 9780198097389
041 ## - LANGUAGE CODE
Language code of text/sound track or separate title eng
082 ## - DEWEY DECIMAL CLASSIFICATION NUMBER
Classification number 621.395
Item number ALL
100 ## - MAIN ENTRY--PERSONAL NAME
Personal name Allen P.E.
9 (RLIN) 128861
245 ## - TITLE STATEMENT
Title CMOS Analog Circuit Design
250 ## - EDITION STATEMENT
Edition statement 3rd ed.
260 ## - PUBLICATION, DISTRIBUTION, ETC. (IMPRINT)
Date of publication, distribution, etc. 2013
Name of publisher, distributor, etc. Oxford
300 ## - PHYSICAL DESCRIPTION
Extent 590
Accompanying material [OBSOLETE, CAN/MARC] Ref 1707 E (54214)
365 ## - TRADE PRICE
Currency code Rs.
Price amount 650.00
700 ## - ADDED ENTRY--PERSONAL NAME
Personal name Allen P.E. & Holberg D.R.
906 ## - LOCAL DATA ELEMENT F, LDF (RLIN)
d B:IN 167212-Oct-2013
c ETC
b 1625
Holdings
Withdrawn status Lost status Damaged status Not for loan Home library Current library Date acquired Vendor Budget Code Cost, normal purchase price Bill number Total Checkouts Full call number Barcode Date last seen Discount Cost, replacement price Bill Date Koha item type Original Barcode
        Cummins College of Engineering for Women Pune Cummins College of Engineering for Women Pune 14/10/2013 Pradeep Book Distributors ETC 487.50 IN 1672   621.395 CCEP-BK-44942 18/07/2023 1625 650.00 12/10/2013 Books 044942